आधुनिक हिन्दी कविता के वैचारिक एवं शिल्पगत आयाम (Record no. 2812)

MARC details
000 -LEADER
fixed length control field 01162 a2200217 4500
005 - DATE AND TIME OF LATEST TRANSACTION
control field 20080910142039.0
008 - FIXED-LENGTH DATA ELEMENTS--GENERAL INFORMATION
fixed length control field 080910t xxu||||| |||| 00| 0 hin d
010 ## - LIBRARY OF CONGRESS CONTROL NUMBER
LC control number HIN-79475
020 ## - INTERNATIONAL STANDARD BOOK NUMBER
International Standard Book Number 8170563488
Terms of availability 250.00
035 ## - SYSTEM CONTROL NUMBER
System control number HN-51821
037 ## - SOURCE OF ACQUISITION
Source of stock number/acquisition D.B.Act / pub
082 ## - DEWEY DECIMAL CLASSIFICATION NUMBER
Classification number 821.08
100 ## - MAIN ENTRY--PERSONAL NAME
Personal name गर्ग, अनुराधा
245 ## - TITLE STATEMENT
Title आधुनिक हिन्दी कविता के वैचारिक एवं शिल्पगत आयाम
Statement of responsibility, etc अनुराधा गर्ग
246 ## - VARYING FORM OF TITLE
Title proper/short title Aadhunik Hindi Kavita ke Vaicharik avam Shilpgat Aayam
260 ## - PUBLICATION, DISTRIBUTION, ETC. (IMPRINT)
Place of publication, distribution, etc जयपुर
Name of publisher, distributor, etc पंचशील प्रकाशन
Date of publication, distribution, etc 2006
270 ## - ADDRESS
Address फिल्म कालोनी,चौड़ा रास्ता
City जयपुर
Postal code 302003
Telephone number 0141-2315072
Fax number 5113854
Electronic mail address panchsheel_j@sify.com
300 ## - PHYSICAL DESCRIPTION
Extent 200पृ
Dimensions 22 सेमी (सजिल्द)
942 ## - ADDED ENTRY ELEMENTS (KOHA)
Institution code [OBSOLETE] dpl
Koha item type Hindi Books
Call number prefix 821.08 / गर्गअ
Source of classification or shelving scheme Dewey Decimal Classification
Classification part 821.08
Call number suffix गर्गअ
Holdings
Withdrawn status Lost status Damaged status Not for loan Home library Current library Date acquired Cost, normal purchase price Total Checkouts Full call number Barcode Date last seen Copy number Uniform Resource Identifier Cost, replacement price Price effective from Koha item type
        D.B.Act.Division D.B.Act.Division 10/09/2008 250.00   821.08 गर्गअ HN-51821 15/09/2008 1 3001 250.00 15/09/2008 Hindi Books

© Delhi Public Library
Hit Counter
free hit counter